[Event "South West Open"]
[Site "Margaret River AUS"]
[Date "2024.09.14"]
[Round "1.1"]
[White "Hare,Tim"]
[Black "Garang,Kuol Awan"]
[Result "1-0"]
[BlackElo "1667"]
[BlackFideId "3233782"]
[EventDate "2024.09.14"]
[PlyCount "0"]
[WhiteElo "2287"]
[WhiteFideId "4300629"]

1. Nf3 Nc6 2. g3 e5 3. d3 d5 4. Bg2 f5 5. O-O Nf6 6. Nbd2 Bc5 7. e3 Bb6 8. c4
O-O 9. cxd5 Nxd5 10. Nc4 e4 11. Nfe5 Nxe5 12. Nxe5 Re8 13. dxe4 fxe4 14. Nc4
Bf5 15. a3 c6 16. Nxb6 axb6 17. h3 Qf6 18. Rb1 Bg6 19. Qc2 Re7 20. Rd1 Rf8 21.
Rf1 Kh8 22. b4 b5 23. Bb2 Qg5 24. Bd4 Re6 25. a4 bxa4 26. Qxa4 b6 27. Rbc1 Be8
28. Qb3 Qe7 29. Rc4 Rf5 30. h4 Rg6 31. Qc2 Rf3 32. Bxb6 Nf6 33. Bxf3 exf3 34.
Qf5 Qf7 35. Rd4 Nh5 36. Qxf7 Bxf7 37. Rd8+ Bg8 38. Ra1 h6 39. Raa8  1-0

[Event "South West Open"]
[Site "Margaret River AUS"]
[Date "2024.09.14"]
[Round "1.2"]
[White "Stewart,Clint"]
[Black "Rahmani,Noor"]
[Result "0-1"]
[BlackElo "2244"]
[BlackFideId "3278824"]
[EventDate "2024.09.14"]
[PlyCount "0"]
[WhiteElo "1658"]
[WhiteFideId "3209083"]

1. e4 c5 2. Nf3 Nc6 3. d4 cxd4 4. Nxd4 e5 5. Nb5 d6 6. N1c3 a6 7. Na3 b5 8. Nd5
Be6 9. c4 b4 10. Nc2 a5 11. Be2 Be7 12. O-O Nf6 13. Nxe7 Qxe7 14. Bg5 h6 15.
Bxf6 gxf6 16. Ne3 Nd4 17. Bg4 Rg8 18. Bxe6 fxe6 19. Qh5+ Kd7 20. Rad1 Qh7 21.
Ng4 Ke7 22. f4 Ne2+ 23. Kh1 Nxf4 24. Nxf6 Kxf6 25. Rxf4+ exf4 26. Qh4+ Kg7 27.
Rxd6 Kh8 28. Rxe6 Rg6 29. Re7 Qg8  0-1

[Event "South West Open"]
[Site "Margaret River AUS"]
[Date "2024.09.14"]
[Round "1.3"]
[White "Hardegen,Kathryn"]
[Black "Prince,John"]
[Result "1-0"]
[BlackElo "1552"]
[BlackFideId "3266060"]
[EventDate "2024.09.14"]
[PlyCount "0"]
[WhiteElo "2067"]
[WhiteFideId "3226778"]

1. Nf3 Nf6 2. d4 d5 3. c4 c6 4. Nc3 Bf5 5. cxd5 cxd5 6. Bg5 e6 7. e3 a6 8. Ne5
Be7 9. g4 Be4 10. f3 Bg6 11. h4 h6 12. Nxg6 fxg6 13. Bf4 O-O 14. Bd3 Nxg4 15.
fxg4 Bxh4+ 16. Kd2 g5 17. Bxb8 Rf2+ 18. Be2 Qb6 19. Be5 Qxb2+ 20. Qc2 Qa3 21.
Rhf1 Rg2 22. Qb3 Qxb3 23. axb3 Rc8 24. Rac1 b5 25. Nxd5 Rxc1 26. Ne7+ Kh7 27.
Rxc1  1-0

[Event "South West Open"]
[Site "Margaret River AUS"]
[Date "2024.09.14"]
[Round "1.4"]
[White "Moseley,Paul"]
[Black "Lucas,Bradley"]
[Result "0-1"]
[BlackElo "1965"]
[BlackFideId "311105223"]
[EventDate "2024.09.14"]
[PlyCount "0"]
[WhiteElo "1516"]
[WhiteFideId "3250911"]

1. f4 e5 2. e4 Nc6 3. Nf3 f5 4. d3 d6 5. Nc3 Nf6 6. Be2 g6 7. O-O Bg7 8. a3 O-O
9. Kh1 Kh8 10. Nh4 Ng4 11. Nf3 exf4 12. Bxf4 fxe4 13. Bg5 Qe8 14. dxe4 Be6 15.
Qd2 Qd7 16. h3 Nge5 17. Bh6 Nxf3 18. Bxg7+ Kxg7 19. Rxf3 Rxf3 20. Bxf3 Bxh3 21.
Ne2 Rf8 22. Nf4 Ne5 23. Rf1 Be6 24. Nxe6+ Qxe6 25. Qc3 Rf7 26. b3 Qe7 27. Be2
Rxf1+ 28. Bxf1 Qh4+ 29. Qh3 Qf2 30. Bd3 h5 31. Kh2 Ng4+  0-1

[Event "South West Open"]
[Site "Margaret River AUS"]
[Date "2024.09.14"]
[Round "1.5"]
[White "Elkington,Derek"]
[Black "Rithauddin,Florentyna"]
[Result "1-0"]
[BlackElo "1439"]
[BlackFideId "35816694"]
[EventDate "2024.09.14"]
[PlyCount "0"]
[WhiteElo "1891"]
[WhiteFideId "3212564"]

1. e4 c5 2. Nf3 Nc6 3. d4 cxd4 4. Nxd4 Nf6 5. Nc3 d6 6. f3 g6 7. Be3 Bg7 8. Qd2
O-O 9. O-O-O a6 10. Nxc6 bxc6 11. e5 Ne8 12. exd6 exd6 13. Ne4 Be6 14. Bh6 d5
15. Bxg7 Kxg7 16. Qc3+ Kg8 17. g4 Qb6 18. Nc5 Nc7 19. a4 a5 20. Rd4 Rfd8 21.
Bd3 Bd7 22. h4 Ne6 23. Nxe6 Bxe6 24. Rf4 Qe3+ 25. Qd2 Qxd2+ 26. Kxd2 h6 27. g5
h5 28. Re1 Re8 29. b4 Bd7 30. Rxe8+ Bxe8 31. Kc3 Bd7 32. Kb3 Be6 33. b5 c5 34.
Be2 d4+ 35. c4 dxc3+ 36. Kxc3 Rd8 37. Bc4 Bf5 38. Be2 Rd5 39. b6 Rd6 40. b7 Rb6
41. Ba6 Bd7 42. Kc4 Rb2 43. Kxc5 Kf8 44. Bb5 Rc2+ 45. Rc4 Rxc4+ 46. Kxc4  1-0

[Event "South West Open"]
[Site "Margaret River AUS"]
[Date "2024.09.14"]
[Round "1.6"]
[White "Pass,Tony"]
[Black "Molenaar,Michael"]
[Result "0-1"]
[BlackElo "1852"]
[BlackFideId "0"]
[EventDate "2024.09.14"]
[PlyCount "0"]
[WhiteElo "1360"]
[WhiteFideId "3276988"]

1. d4 d5 2. Nf3 Nf6 3. e3 c6 4. Bd3 Bg4 5. Nbd2 e6 6. b3 Bd6 7. Bb2 O-O 8. Qe2
a5 9. h3 Bf5 10. Ne5 Nbd7 11. f4 a4 12. a3 axb3 13. cxb3 c5 14. O-O cxd4 15.
exd4 Bxd3 16. Qxd3 Qe7 17. b4 Rfc8 18. Rae1 Rc7 19. Ndf3 Ne4 20. Ng5 Bxe5 21.
dxe5 Nxg5 22. fxg5 Qxg5 23. Bd4 Rac8 24. Qf3 Qg6 25. h4 h5 26. Re2 Rc4 27. Ba1
Nb6 28. Qf2 Na4 29. Re3 Nc3 30. Rg3 Qxg3 31. Qxg3 Ne2+ 32. Kh2 Nxg3 33. Kxg3
Rc2 34. a4 R8c4 35. Rb1 Ra2  0-1

[Event "South West Open"]
[Site "Margaret River AUS"]
[Date "2024.09.14"]
[Round "1.7"]
[White "Stortz,Robert"]
[Black "Cotterill,Graeme"]
[Result "1-0"]
[BlackElo "1336"]
[BlackFideId "3274942"]
[EventDate "2024.09.14"]
[PlyCount "0"]
[WhiteElo "1838"]
[WhiteFideId "3246442"]

1. d4 d5 2. Bf4 Nf6 3. Nc3 e6 4. Nb5 Bb4+ 5. c3 Ba5 6. e3 c6 7. Nd6+ Ke7 8. Qb3
b5 9. Nxc8+ Qxc8 10. Qa3+ Ke8 11. Qxa5 Nbd7 12. Nf3 Nh5 13. Bd6 Nb6 14. b3 Qd8
15. Bc5 Nf6 16. Ne5 Qc7 17. Rc1 Nfd7 18. Bxb6 Nxb6 19. Nxc6 a6 20. Ne5 f6 21.
Nd3 Qd6 22. Nc5 Ke7 23. c4 bxc4 24. bxc4 dxc4 25. Bxc4 Nxc4 26. Rxc4 Rhc8 27.
O-O Rc6 28. Ne4 Qd7 29. Qb4+ Ke8 30. Rxc6 Qxc6 31. Nc5 a5 32. Qb3 Ke7 33. Rb1
Rd8 34. Qb7+ Qxb7 35. Rxb7+ Kd6 36. Rxg7  1-0

[Event "South West Open"]
[Site "Margaret River AUS"]
[Date "2024.09.14"]
[Round "1.8"]
[White "Mazza,Stephen"]
[Black "Mukhedkar,Sanjay"]
[Result "0-1"]
[BlackElo "1821"]
[BlackFideId "3251217"]
[EventDate "2024.09.14"]
[PlyCount "0"]
[WhiteElo "1303"]
[WhiteFideId "0"]

1. d4 d5 2. c4 c6 3. Nc3 e6 4. Nf3 Nf6 5. Bg5 Be7 6. e3 Nbd7 7. Bd3 dxc4 8. Bxc4
b5 9. Bd3 a6 10. O-O Bb7 11. Ne4 Rc8 12. Rc1 O-O 13. Nc5 Nxc5 14. dxc5 a5 15.
a3 h6 16. Bxf6 Bxf6 17. Qc2 Qe7 18. b4 axb4 19. axb4 Rcd8 20. Rcd1 e5 21. Be4
g6 22. Rxd8 Rxd8 23. Rd1 Bg7 24. Rxd8+ Qxd8 25. h3 f5 26. Qb3+ Kh7 27. Bc2 e4
28. Nh2 Qf6 29. Nf1 Bc8 30. Qb1 Be6 31. Nd2 Qc3 32. Nxe4 fxe4 33. Bxe4 Qf6 34.
Bxc6 Bc4 35. Bf3 Qa1 36. Qxa1 Bxa1 37. Bb7 Kg7 38. f4 Bf6 39. e4 Bd8 40. Kf2
Kf6 41. Ke3 Ke6 42. Kd4 Bf6+ 43. Ke3 Bc3 44. c6 Kd6 45. g4 Bxb4 46. f5 Bc5+ 47.
Kf4 g5+ 48. Kf3 Bb6 49. Ba6 Kxc6 50. e5 Bd5+ 51. Ke2 b4 52. Kd2 Bd4 53. Bd3
Bxe5 54. Kc2 b3+ 55. Kb1 Kc5 56. Kc1 Kb4 57. Kb1 Kc3  0-1

[Event "South West Open"]
[Site "Margaret River AUS"]
[Date "2024.09.14"]
[Round "1.9"]
[White "Donaldson,Gary"]
[Black "Dawoud,Ahmad"]
[Result "1-0"]
[BlackElo "1120"]
[BlackFideId "3256669"]
[EventDate "2024.09.14"]
[PlyCount "0"]
[WhiteElo "1753"]
[WhiteFideId "3218570"]

1. d4 d5 2. Nf3 Bf5 3. c3 e6 4. Bf4 Bd6 5. Bg5 f6 6. Bh4 Nc6 7. e3 a6 8. Be2
Nge7 9. Bg3 Bxg3 10. hxg3 e5 11. dxe5 fxe5 12. Nbd2 e4 13. Nd4 Nxd4 14. cxd4
Qd6 15. a3 O-O-O 16. Nb3 g5 17. Qc2 Qc6 18. Rc1 Qxc2 19. Rxc2 Nc6 20. Bxa6 bxa6
21. Rxc6 Rd6 22. Rxd6 cxd6 23. Kd2 h5 24. Na5 h4 25. gxh4 Rxh4 26. Rxh4 gxh4
27. Nc6 Bd7 28. Ne7+ Kb7 29. Nxd5 h3 30. gxh3 Bxh3 31. Kc3 Kc6 32. Nf4 Bf5 33.
Kb4 Bh7 34. Ka5  1-0

[Event "South West Open"]
[Site "Margaret River AUS"]
[Date "2024.09.14"]
[Round "1.10"]
[White "Mezger,Kado"]
[Black "Fokaite,Gabriele"]
[Result "0-1"]
[BlackElo "1748"]
[BlackFideId "12808202"]
[EventDate "2024.09.14"]
[PlyCount "0"]
[WhiteElo "1017"]
[WhiteFideId "0"]

1. e4 b6 2. d4 Bb7 3. Nc3 e6 4. a3 Nf6 5. Bd3 Be7 6. Nf3 O-O 7. O-O d6 8. Be3
Nbd7 9. Qd2 c5 10. Rfe1 Qc7 11. Rad1 c4 12. Bf1 Nxe4 13. Nxe4 Bxe4 14. Bf4 Bxf3
15. gxf3 Nf6 16. Qb4 Nd5 17. Qd2 c3 18. bxc3 Nxf4 19. Qxf4 Qxc3 20. d5 e5 21.
Qf5 Qxa3 22. f4 g6 23. Qd7 Bf6 24. Ra1 Qc5 25. Rxa7 Rxa7 26. Qxa7 exf4 27. c4
Be5 28. Rb1 Qd4 29. Qxb6 Qe4 30. Qb3 f3 31. Bh3 g5 32. Rd1 g4 33. Bf1 Qf4  0-1

[Event "South West Open"]
[Site "Margaret River AUS"]
[Date "2024.09.14"]
[Round "2.1"]
[White "Stortz,Robert"]
[Black "Hare,Tim"]
[Result "1/2-1/2"]
[BlackElo "2287"]
[BlackFideId "4300629"]
[EventDate "2024.09.14"]
[PlyCount "0"]
[WhiteElo "1838"]
[WhiteFideId "3246442"]

1. d4 d6 2. c4 g6 3. Nc3 Bg7 4. e4 c6 5. Be3 Qc7 6. Qd2 h6 7. f4 Nf6 8. h3 a6 9.
Nf3 b5 10. e5 b4 11. exf6 bxc3 12. bxc3 exf6 13. Bd3 f5 14. O-O O-O 15. Rfc1
Nd7 16. Rab1 Nf6 17. Rb3 Re8 18. Rcb1 a5 19. c5 dxc5 20. dxc5 Nd5 21. Re1 a4
22. Ra3 Bd7 23. Bc4 Nxe3 24. Rxe3 Rxe3 25. Qxe3 Re8 26. Qd2 Bf8 27. Rxa4 Bxc5+
28. Kh1 Be3 29. Qd1 Bxf4 30. Bxf7+ Kxf7 31. Rxf4 Qxf4 32. Qxd7+ Re7 33. Qxc6 g5
34. Qxh6 Qc1+ 35. Kh2  1/2-1/2

[Event "South West Open"]
[Site "Margaret River AUS"]
[Date "2024.09.14"]
[Round "2.2"]
[White "Rahmani,Noor"]
[Black "Donaldson,Gary"]
[Result "1-0"]
[BlackElo "1753"]
[BlackFideId "3218570"]
[EventDate "2024.09.14"]
[PlyCount "0"]
[WhiteElo "2244"]
[WhiteFideId "3278824"]

1. d4 Nf6 2. c4 e6 3. Nc3 Bb4 4. Qc2 O-O 5. Bg5 Be7 6. Nf3 d6 7. e3 Nbd7 8. Bd3
b6 9. Ne4 g6 10. h4 Bb7 11. Nxf6+ Nxf6 12. Bxf6 Bxf6 13. h5 Bxf3 14. gxf3 Bg7
15. O-O-O f5 16. hxg6 hxg6 17. Rdg1 Rf6 18. e4 Qf8 19. e5 dxe5 20. dxe5 Rf7 21.
Rxg6 Rd8 22. Qd2 f4 23. Rxe6 Rf5 24. Qc2 Rxd3 25. Qxd3 Bxe5 26. Rg6+ Bg7 27.
Rhg1  1-0

[Event "South West Open"]
[Site "Margaret River AUS"]
[Date "2024.09.14"]
[Round "2.3"]
[White "Mukhedkar,Sanjay"]
[Black "Hardegen,Kathryn"]
[Result "0-1"]
[BlackElo "2067"]
[BlackFideId "3226778"]
[EventDate "2024.09.14"]
[PlyCount "0"]
[WhiteElo "1821"]
[WhiteFideId "3251217"]

1. e4 g6 2. f4 Bg7 3. Nf3 d6 4. d4 Bg4 5. Be3 Nd7 6. Bc4 Ngf6 7. e5 Ne4 8. Nbd2
Nxd2 9. Bxd2 e6 10. O-O O-O 11. Qe1 Bxf3 12. Rxf3 dxe5 13. dxe5 Nxe5 14. fxe5
Qd4+ 15. Kh1 Qxc4 16. Rc3 Qd5 17. Bf4 Qd4 18. Qg3 Rad8 19. h4 h5 20. Re1 c6 21.
b3 Rd5 22. Rce3 Qb2 23. c4 Rd2 24. a4 Rfd8 25. Qf3 Rf2 26. Qg3 Rdd2 27. Rg1 Qd4
28. Bg5 Rde2 29. Re1 Rxe1+ 30. Rxe1 Rf5 31. Be3 Qxe5 32. Kh2 Qc3 33. Bxa7 Be5
34. Rxe5 Qxe5 35. Bb8 Qd4 36. Bc7 e5 37. Ba5 Rf4 38. Be1 Qd1 39. Qe3 Rf1 40.
Bf2 Rh1+ 41. Kg3 Qg4#  0-1

[Event "South West Open"]
[Site "Margaret River AUS"]
[Date "2024.09.14"]
[Round "2.4"]
[White "Lucas,Bradley"]
[Black "Kerr,Carter"]
[Result "1-0"]
[BlackElo "1734"]
[BlackFideId "3261859"]
[EventDate "2024.09.14"]
[PlyCount "0"]
[WhiteElo "1965"]
[WhiteFideId "311105223"]

1. e4 e5 2. Nf3 Nc6 3. Nc3 Nf6 4. Bb5 Bc5 5. O-O d6 6. d4 exd4 7. Nxd4 Bd7 8.
Nf5 O-O 9. Bg5 Bxf5 10. exf5 Re8 11. Nd5 Re5 12. Bxc6 bxc6 13. Nxf6+ gxf6 14.
Bh6 Kh8 15. b4 Bb6 16. a4 a5 17. Ra3 Qe8 18. Rg3 Re2 19. Bg7+ Kg8 20. Bh6+ Kh8
21. Qa1  1-0

[Event "South West Open"]
[Site "Margaret River AUS"]
[Date "2024.09.14"]
[Round "2.5"]
[White "Fokaite,Gabriele"]
[Black "Elkington,Derek"]
[Result "1-0"]
[BlackElo "1891"]
[BlackFideId "3212564"]
[EventDate "2024.09.14"]
[PlyCount "0"]
[WhiteElo "1748"]
[WhiteFideId "12808202"]

1. e4 c5 2. Nc3 Nc6 3. Bb5 Nd4 4. Nf3 Nxb5 5. Nxb5 d6 6. O-O a6 7. Nc3 Nf6 8. d4
cxd4 9. Qxd4 e5 10. Qd3 h6 11. Be3 Be7 12. h3 Be6 13. Rad1 b5 14. b3 Rc8 15. a4
Qc7 16. Bd2 b4 17. Ne2 a5 18. Rc1 Qb7 19. Ng3 g6 20. Rfe1 Nd7 21. Be3 d5 22.
Nh2 d4 23. Bd2 h5 24. f4 Bh4 25. Nhf1 Nc5 26. Qf3 f6 27. Re2 d3 28. cxd3 Nxb3
29. Rxc8+ Qxc8 30. f5 Nd4 31. Qf2 Nxe2+ 32. Qxe2 Bf7 33. Be3 b3 34. d4 Bc4 35.
Qd2 Qc7 36. fxg6 exd4 37. Bf4 Qc5 38. Kh2 Be6 39. Qe2 Bc4 40. Qf2 Bxf1 41. Qxf1
d3 42. Qxd3 Bxg3+ 43. Bxg3 h4 44. Bf4 Qc2 45. Qb5+ Ke7 46. Qb7+ Ke6 47. Qd5+
Ke7 48. Qd6+ Ke8 49. Qe6+ Kd8 50. Qxf6+ Kd7 51. Qxh8 b2 52. Qg7+ Kd8 53. Qf6+
Kc8 54. Qa6+ Kd7 55. Qb7+ Kd8 56. Bg5+  1-0

[Event "South West Open"]
[Site "Margaret River AUS"]
[Date "2024.09.14"]
[Round "2.6"]
[White "Molenaar,Michael"]
[Black "Kerr,Lennon"]
[Result "0-1"]
[BlackElo "1691"]
[BlackFideId "3261735"]
[EventDate "2024.09.14"]
[PlyCount "0"]
[WhiteElo "1852"]
[WhiteFideId "0"]

1. d4 d5 2. c4 c6 3. Nc3 Nf6 4. e3 Bf5 5. cxd5 cxd5 6. Qb3 Qd7 7. Bb5 Nc6 8. Nf3
e6 9. Ne5 Qc7 10. Qa4 Rc8 11. Qxa7 Bd6 12. Nxc6 bxc6 13. Qxc7 Rxc7 14. Be2 Rb7
15. O-O O-O 16. a3 Rb3 17. Bd1 Rb7 18. b4 Ra7 19. Bb2 Nd7 20. Na4 Rfa8 21. Nc5
Nb6 22. Bb3 Bxc5 23. dxc5 Nd7 24. Rac1 Bd3 25. Rfd1 Bb5 26. Bc2 f6 27. e4 Ne5
28. Bxe5 fxe5 29. exd5 exd5 30. Re1 e4 31. f3 exf3 32. gxf3 Rxa3 33. Kf2 Ra2
34. Kg3 Rb2 35. Re7 Rxb4 36. Rce1 h5 37. Rg1 Rf8 38. Kf2 Rg4 39. Rge1 Rgf4 40.
Bd1 R8f7 41. Re8+ Rf8 42. R8e7 R4f7 43. R7e5 g6 44. Rg1 Kg7 45. Rxh5 Bd3 46.
Rhg5 Ra8 47. h4 Ra2+ 48. Ke3 Bf5 49. h5 Rf6 50. hxg6 Rxg6 51. Rxg6+ Bxg6 52. f4
Kf6 53. Rg5 d4+ 54. Kxd4 Rd2+ 55. Kc3 Rxd1 56. Kb4 Rd4+ 57. Ka5 Rxf4 58. Rxg6+
Kxg6  0-1

[Event "South West Open"]
[Site "Margaret River AUS"]
[Date "2024.09.14"]
[Round "2.9"]
[White "Garang,Kuol Awan"]
[Black "Cotterill,Graeme"]
[Result "1-0"]
[BlackElo "1336"]
[BlackFideId "3274942"]
[EventDate "2024.09.14"]
[PlyCount "0"]
[WhiteElo "1667"]
[WhiteFideId "3233782"]

1. e4 c5 2. f4 e6 3. c4 Nc6 4. Nc3 d6 5. Nf3 g6 6. d4 cxd4 7. Nxd4 Bg7 8. Be3
Qb6 9. Ncb5 Nxd4 10. Bxd4 Bxd4 11. Qxd4 Qxd4 12. Nxd4 Bd7 13. Bd3 e5 14. fxe5
dxe5 15. Nf3 f6 16. O-O Ne7 17. c5 Be6 18. Bb5+ Nc6 19. Rad1 Ke7 20. a3 Rad8
21. Bxc6 bxc6 22. b4 Bb3 23. Ra1 Bc2 24. Rfe1 Rd7 25. a4 a6 26. Kf2 Rhd8 27.
Re2 Bb3 28. Ra3 Bd1 29. Rb2 Bxf3 30. gxf3 Rd2+ 31. Rxd2 Rxd2+ 32. Kg3 Rb2 33.
b5 cxb5 34. axb5 Rxb5 35. Rxa6 Rxc5 36. Ra7+ Ke6 37. Rxh7 Rc8 38. h4 Rg8 39.
Kf2 Kd6 40. Rh6 Ke6 { Score sheet could not be followed from this point. Play
was recorded through to move 50 when Black resigned.}   1-0

[Event "South West Open"]
[Site "Margaret River AUS"]
[Date "2024.09.14"]
[Round "2.10"]
[White "Dawoud,Ahmad"]
[Black "Stewart,Clint"]
[Result "0-1"]
[BlackElo "1658"]
[BlackFideId "3209083"]
[EventDate "2024.09.14"]
[PlyCount "0"]
[WhiteElo "1120"]
[WhiteFideId "3256669"]

1. d4 f5 2. c4 Nf6 3. Bf4 d6 4. Nc3 g6 5. e3 Bg7 6. Be2 O-O 7. Nf3 Qe8 8. Rb1 c6
9. O-O Na6 10. b4 e5 11. dxe5 Ng4 { A poor move, but can White capitalize?} 
12. Qxd6 Be6 13. b5 Rd8 14. Qa3 Nc7 15. Qxa7 Rf7 16. Qa4 ( 16. h3 { the knight
needs to be pushed back}  16... Nh6 )16... Bd7 17. e6 { ... and the advantage
slips away.}  17... Nxe6 18. Bg5 Bxc3 19. Bxd8 Qxd8 20. Qc2 Bf6 21. e4 Nc5 22.
h3 fxe4 23. hxg4 exf3 24. Bxf3 Qc8 25. Qd2 Bxg4 26. Bxg4 Qxg4 27. bxc6 bxc6 28.
Qe3 Bd4 29. Qe8+ Kg7 30. Qxc6 { Black's advantage is now overwhelming.}  30...
Ne4 ( 30... Qe2 31. Kh1 Bxf2 32. Qd5 )31. Rb7 Bxf2+ 32. Rxf2 Qd1+ 33. Rf1 Qxf1+
34. Kh2 Qf4+ 35. Kg1 Rxb7 36. Qxb7+ Kh6 37. Qb3 Nf6 38. Qh3+ Kg7 39. Qc3 Kf7
40. c5 Ng4 41. Qf3 Qxf3 42. gxf3 Ne5 43. Kf2 Ke7 44. Ke3 Kd7 45. f4 Nc4+ 46.
Ke4 Ke6 47. Kf3 Kd5 48. Kg4 Kxc5 49. f5 Ne5+ 50. Kf4 Nf7 51. fxg6 hxg6 52. Kg4
Kb4 53. Kf4 Ka3 54. Kf3 Kxa2 55. Kf4 Kb3 56. Kf3 Kc3 57. Kg3 Kd3 58. Kf3 Kd4
59. Kf4 Kd5 60. Kg4 Ke5  0-1

[Event "South West Open"]
[Site "Margaret River AUS"]
[Date "2024.09.14"]
[Round "2.11"]
[White "Prince,John"]
[Black "Mazza,Stephen"]
[Result "0-1"]
[BlackElo "1303"]
[BlackFideId "0"]
[EventDate "2024.09.14"]
[PlyCount "0"]
[WhiteElo "1552"]
[WhiteFideId "3266060"]

1. e4 d5 2. exd5 Qxd5 3. Nc3 Qd8 4. Bc4 Nf6 5. d3 a6 6. Bg5 e6 7. Nf3 Nbd7 8.
O-O b5 9. Bb3 Bb7 10. Re1 Nc5 11. Qe2 Nxb3 12. axb3 Be7 13. Rad1 c5 14. d4 Qc7
15. dxc5 Qxc5 16. Ne5 Nd5 $4 17. Bxe7 Qxe7 18. Nxd5 Bxd5 19. c4 bxc4 20. bxc4
Bb7 21. Rd7 Qb4 22. Rxf7 g6 23. Rd1 Bc8 24. Re7+ $4 { Catastrophic.}  ( 24. Qf3
{ and the engine's best move is}  24... Qe1+ )24... Qxe7 25. Nc6 Qf6 26. Rd8+
Kf7 27. Rxh8 Qxh8 28. Qf3+ Ke8 29. Qd1 Bd7 30. Qd6 Qf8 31. Qc7 Rc8 32. Qb6 Rxc6
 0-1

[Event "South West Open"]
[Site "Margaret River AUS"]
[Date "2024.09.14"]
[Round "2.13"]
[White "Rithauddin,Florentyna"]
[Black "Mezger,Kado"]
[Result "1/2-1/2"]
[BlackElo "1017"]
[BlackFideId "0"]
[EventDate "2024.09.14"]
[PlyCount "0"]
[WhiteElo "1439"]
[WhiteFideId "35816694"]

1. c4 e5 2. Nc3 f5 3. d3 Bb4 4. Nf3 Nc6 5. Bd2 Nf6 6. g3 d6 7. Bg2 O-O 8. O-O
Re8 9. Nd5 Bxd2 10. Qxd2 Be6 11. Nxf6+ Qxf6 12. b3 Rad8 13. Rac1 d5 14. Ng5 d4
15. Nxe6 Qxe6 16. Rfe1 e4 17. dxe4 fxe4 18. Qb2 Ne5 19. Bxe4 b6 20. Bd5 Rxd5
21. cxd5 Qd6 22. Qxd4 Rd8 23. f4 Ng6 24. e4 c5 25. Qc4 Re8 26. e5 Qd7 27. d6+
Kh8 28. Rcd1 Nh4 29. gxh4 Qg4+ { Once}  30. Kh1 Qf3+ 31. Kg1 Qg4+ { Twice}  32.
Kf1 Qf3+ 33. Kg1 Qg4+ { Thrice, but not claimed.}  34. Kf2 Qxh4+ 35. Ke3 Qh3+
36. Kd2 Qxh2+ 37. Re2 Qh3 38. d7 Qxd7+ 39. Qd3 Qf7 40. Rf2 Qe7 41. Qg3 c4 42.
bxc4 Qb4+ 43. Qc3 Rd8+ 44. Kc2 { Seems natural, but this loses the rook. Still
winning, of course, was}  ( 44. Ke2 { when the threat of the back-rank mate
wins.} )44... Qxc3+ 45. Kxc3 Rxd1 { From +10.0 to 0.0.}  46. e6 Rd8 47. f5 Kg8
48. f6 gxf6 49. Rxf6 Rf8 50. Rh6 Kg7 51. Rh2 Re8 52. Rd2 Rxe6 53. Rd7+ Kg6 54.
Rxa7 h5 55. Ra6 h4 56. c5 h3 57. Rxb6 Rxb6 58. cxb6 h2 59. b7 h1=Q 60. b8=Q
Qc1+ 61. Kd4 Qd2+ 62. Kc5 Qc3+ 63. Kd5 Qd2+ 64. Kc6 Qxa2 65. Qg3+ Kf5 66. Qh3+
Ke5 67. Qh8+ Ke4 68. Qh4+ Kd3 69. Qg3+ Kc2 70. Qf2+ Kb3 71. Qxa2+ Kxa2  1/2-1/2

[Event "South West Open"]
[Site "Margaret River AUS"]
[Date "2024.09.14"]
[Round "3.1"]
[White "Kerr,Lennon"]
[Black "Rahmani,Noor"]
[Result "0-1"]
[BlackElo "2244"]
[BlackFideId "3278824"]
[EventDate "2024.09.14"]
[PlyCount "0"]
[WhiteElo "1691"]
[WhiteFideId "3261735"]

1. e4 c5 2. d4 cxd4 3. c3 dxc3 4. Nxc3 g6 5. Bc4 Bg7 6. Nf3 Nc6 7. O-O Nh6 8.
Bg5 O-O 9. h3 Kh8 10. Qd2 Ng8 11. Rfe1 Ne5 12. Nxe5 Bxe5 13. f4 Bg7 14. Rac1
Qa5 15. Kh1 h6 16. Bh4 Qh5 17. Qf2 d6 18. Nd5 g5 19. Bg3 Be6 20. Be2 g4 21. Nc7
$2 ( 21. f5 Bxd5 22. Bxg4 Qg5 23. Bh4 Qxc1 24. Rxc1 )21... Nf6 22. Nxa8 Nxe4
23. Qe3 Nxg3+ 24. Qxg3 Rxa8 25. Rc7 $2 ( 25. Bxg4 Bxg4 26. Qxg4 Qxg4 27. hxg4
)25... Qa5 26. Rxb7 gxh3 27. b4 hxg2+ 28. Qxg2 Qxa2 29. Rxe7 Rg8 30. Bf3 Qc4
31. Qh2 Bd5 32. Qh5 Be6 33. f5 Bxf5 34. Rg1 Bg6 35. Qh3 Qxb4 36. Bh5 Be4+ 37.
Bf3 Bxf3+ 38. Qxf3 Qh4+  0-1

[Event "South West Open"]
[Site "Margaret River AUS"]
[Date "2024.09.14"]
[Round "3.2"]
[White "Hardegen,Kathryn"]
[Black "Lucas,Bradley"]
[Result "0-1"]
[BlackElo "1965"]
[BlackFideId "311105223"]
[EventDate "2024.09.14"]
[PlyCount "0"]
[WhiteElo "2067"]
[WhiteFideId "3226778"]

1. e4 e5 2. Nf3 Nc6 3. Bb5 a6 4. Ba4 Nf6 5. O-O Be7 6. Re1 b5 7. Bb3 O-O 8. c3
d6 9. h3 Bb7 10. d4 Re8 11. Bg5 Nxe4 12. Bxe7 Nxe7 13. dxe5 dxe5 14. Nxe5 Nd6
15. Nd2 ( 15. Na3 c5 16. c4 b4 17. Nc2 )15... Ng6 16. Ndf3 Qf6 17. Qd4 ( 17.
Ng4 Rxe1+ 18. Qxe1 Qf4 )17... Nf4 18. Qc5 Nxg2 19. Qxc7 Bxf3 20. Nxf3 Qxf3 21.
Rxe8+ Rxe8 22. Qxd6 Nf4  0-1

[Event "South West Open"]
[Site "Margaret River AUS"]
[Date "2024.09.14"]
[Round "3.3"]
[White "Fokaite,Gabriele"]
[Black "Stortz,Robert"]
[Result "1-0"]
[BlackElo "1838"]
[BlackFideId "3246442"]
[EventDate "2024.09.14"]
[PlyCount "0"]
[WhiteElo "1748"]
[WhiteFideId "12808202"]

1. e4 c6 2. d4 d5 3. e5 Bf5 4. f4 e6 5. Nf3 Nd7 6. c4 Bxb1 7. Rxb1 Qa5+ 8. Bd2
Bb4 9. a3 Bxd2+ 10. Nxd2 Ne7 11. Qf3 Nf5 12. Qf2 O-O 13. c5 b6 14. cxb6 Nxb6
15. Bd3 Qa4 16. Bxf5 exf5 17. O-O Nc4 18. b3 Qxa3 19. bxc4 dxc4 20. Nxc4 Qd3
21. Nd6 a5 22. Ra1 g6 23. Rfd1 Qb3 24. Qh4 a4 25. Qg5 a3 26. Nxf5 a2 27. Nh6+
Kg7 28. Ng4 Rg8 29. Qf6+ Kf8 30. Qxc6 Rb8 31. Nf6 Kg7 32. Nxg8 Qe3+ 33. Kh1 Rb2
34. Nf6 Qb3 35. Qe8 Qb8 36. Qxb8  1-0

[Event "South West Open"]
[Site "Margaret River AUS"]
[Date "2024.09.14"]
[Round "3.4"]
[White "Hare,Tim"]
[Black "McAteer,Ian"]
[Result "1-0"]
[BlackElo "1849"]
[BlackFideId "3230015"]
[EventDate "2024.09.14"]
[PlyCount "0"]
[WhiteElo "2287"]
[WhiteFideId "4300629"]

1. Nf3 f5 2. g3 Nf6 3. Bg2 d6 4. d3 g6 5. c4 Bg7 6. Nc3 O-O 7. O-O e5 8. Rb1
Nbd7 9. b4 Kh8 10. Qb3 c6 11. a4 Qe7 12. a5 Rb8 13. Nd2 f4 14. Nde4 fxg3 15.
hxg3 Nxe4 16. dxe4 Nf6 17. Be3 b6 18. axb6 axb6 19. b5 c5 20. Bg5 Be6 21. Ra1
Qf7 22. Bxf6 Bxf6 23. Nd5 Bxd5 24. exd5 Ra8 25. Ra6 Qc7 26. e4 Qb7 27. Rfa1 Bg5
28. Qb2 Bf6 29. R1a2 Rxa6 30. bxa6 Qc7 31. Qb5 Ra8 32. Bh3 Kg7 33. Qc6 Qxc6 34.
dxc6 Bd8 35. a7  1-0

[Event "South West Open"]
[Site "Margaret River AUS"]
[Date "2024.09.14"]
[Round "3.5"]
[White "Elkington,Derek"]
[Black "Garang,Kuol Awan"]
[Result "0-1"]
[BlackElo "1667"]
[BlackFideId "3233782"]
[EventDate "2024.09.14"]
[PlyCount "0"]
[WhiteElo "1891"]
[WhiteFideId "3212564"]

1. e4 e5 2. Nf3 Nc6 3. Bc4 d6 4. d4 f6 5. dxe5 dxe5 6. Bd5 Bd7 7. Be3 Bd6 8. Nh4
Nge7 9. Qh5+ g6 10. Qh6 Bg4 11. Qg7 Kd7 12. Bh6 Nd4 13. Kd2 g5 14. f3 Be6 15.
c3 Bxd5 16. cxd4 Rg8 17. Qxf6 gxh4 18. exd5 Rxg2+ 19. Kc1 Nxd5 20. Qf7+ Kc6 21.
Rd1 Rxh2 22. dxe5 Bxe5 23. Nc3 Qg8 24. Qxg8 Rxg8 25. Nxd5 Bxb2+ 26. Kb1 Rgg2
27. Ne7+ Kb6 28. Be3+ Ka6 29. Nd5 Bc3 30. Nxc7+ Ka5 31. Rd5+ Ka4 32. Rd1 Rb2+ 
0-1